Vista normal
Vista MARC
Entrada Topical Term
Número de registros utilizados en: 1
001 - CONTROL NUMBER
- control field: 8549
003 - CONTROL NUMBER IDENTIFIER
- control field: OSt
005 - DATE AND TIME OF LATEST TRANSACTION
- control field: 20200810202516.0
008 - FIXED-LENGTH DATA ELEMENTS
- fixed length control field: 200810|| aca||aabn | a|a d
040 ## - CATALOGING SOURCE
- Original cataloging agency: OSt
- Transcribing agency: OSt
150 ## - HEADING--TOPICAL TERM
- Topical term or geographic name entry element: Segros terrestres
670 ## - SOURCE DATA FOUND
- Source citation: Work cat.: (OSt)5986: Ossa G., J. Efren, autor 8548, Tratado elemental de seguros /, 1963.